Handbook of transistor circuits. (Record no. 545655)
[ view plain ]
| 000 -LEADER | |
|---|---|
| fixed length control field | 00531cam a22001811 4500 |
| 082 00 - DEWEY DECIMAL CLASSIFICATION NUMBER | |
| Classification number | 621.38418 |
| Author Mark | LYT |
| -- | L-11, P-29 |
| 100 1# - MAIN ENTRY--PERSONAL NAME | |
| Personal name | Lytel, Allan Herbert, |
| 9 (RLIN) | 41374 |
| 245 10 - TITLE STATEMENT | |
| Title | Handbook of transistor circuits. |
| 250 ## - EDITION STATEMENT | |
| Edition statement | [1st ed.] |
| 260 ## - PUBLICATION, DISTRIBUTION, ETC. | |
| Place of publication, distribution, etc. | Indianapolis, |
| Name of publisher, distributor, etc. | H. W. Sams |
| Date of publication, distribution, etc. | [1963] |
| 300 ## - PHYSICAL DESCRIPTION | |
| Extent | 224 p. |
| Other physical details | illus. |
| Dimensions | 22 cm. |
| 490 0# - SERIES STATEMENT | |
| Series statement | A Howard W. Sams photofact publication |
| 500 ## - GENERAL NOTE | |
| General note | "TCL-1." |
| 526 ## - STUDY PROGRAM INFORMATION NOTE | |
| Program name | 0 |
| Interest level | 0 |
| Reading level | 0 |
| Title point value | 621_384180000000000_LYT |
| 650 #0 - SUBJECT ADDED ENTRY--TOPICAL TERM | |
| Topical term or geographic name entry element | MCE |
| 9 (RLIN) | 379 |
| 650 #0 - SUBJECT ADDED ENTRY--TOPICAL TERM | |
| Topical term or geographic name entry element | Transistor circuits. |
| 9 (RLIN) | 41590 |
| 942 ## - ADDED ENTRY ELEMENTS (KOHA) | |
| Source of classification or shelving scheme | |
| Koha item type | Book |
| Withdrawn status | Lost status | Source of classification or shelving scheme | Damaged status | Not for loan | Permanent Location | Current Location | Date acquired | Total Checkouts | Full call number | Barcode | Date last seen | Price effective from | Koha item type |
|---|---|---|---|---|---|---|---|---|---|---|---|---|---|
| Military College of Engineering (MCE) | Military College of Engineering (MCE) | 05/27/2014 | 621.38418 LYT | MCE-5222 | 05/27/2014 | 05/27/2014 | Book |
